[Event "Schleswig-Holstein-ch Seniors-B"]
[Site "Bad Segeberg"]
[Date "2018.03.28"]
[Round "6"]
[White "Berber, Theodor"]
[Black "Maly, Jens Peter"]
[Result "1/2-1/2"]
[WhiteElo "1589"]
[BlackElo "1699"]
[PlyCount "38"]
[EventDate "2018.03.24"]
[EventType "swiss"]
[EventRounds "9"]
[EventCountry "GER"]
[SourceTitle "EXT 2023"]
[Source "ChessBase"]
[SourceDate "2022.10.05"]
[SourceVersion "1"]
[SourceVersionDate "2022.10.05"]
[SourceQuality "1"]

1. d4 Nf6 2. Nf3 g6 3. Bf4 Bg7 4. e3 d6 5. Be2 Nbd7 6. Nbd2 0-0 7. 0-0 Nh5 8. Bg5 Nhf6 9. h3 e5 10. dxe5 dxe5 11. Ne4 Re8 12. c3 Qe7 13. Qc2 Nf8 14. Rfd1 Bf5 15. Bxf6 Bxf6 16. Nxf6+ Qxf6 17. Qb3 b6 18. Rd2 Red8 19. Rad1 Rxd2 1/2-1/2

[Event "Schleswig-Holstein-ch Seniors-B"]
[Site "Bad Segeberg"]
[Date "2018.03.25"]
[Round "2"]
[White "Maly, Jens Peter"]
[Black "Geibel, Henning"]
[Result "1-0"]
[WhiteElo "1699"]
[BlackElo "1473"]
[PlyCount "55"]
[EventDate "2018.03.24"]
[EventType "swiss"]
[EventRounds "9"]
[EventCountry "GER"]
[SourceTitle "EXT 2023"]
[Source "ChessBase"]
[SourceDate "2022.10.05"]
[SourceVersion "1"]
[SourceVersionDate "2022.10.05"]
[SourceQuality "1"]

1. e4 e5 2. Nf3 d6 3. d4 exd4 4. Nxd4 Nf6 5. Nc3 Be7 6. Bc4 0-0 7. 0-0 c6 8. a4 Nbd7 9. Nf5 Nc5 10. Nxe7+ Qxe7 11. Re1 Qe5 12. f4 Qe7 13. e5 dxe5 14. Rxe5 Ne6 15. f5 Qc7 16. Qe1 Nd4 17. Bd3 Qb6 18. Be3 c5 19. Bxd4 cxd4 20. Nd5 Nxd5 21. Rxd5 Qxb2 22. f6 g6 23. Rb1 Qc3 24. Qh4 h5 25. Qg5 Kh7 26. Qxh5+ Kg8 27. Qh6 Qc6 28. Qg7# 1-0

[Event "Schleswig Holstein-ch Seniors"]
[Site "Hanerau"]
[Date "2015.03.29"]
[Round "2"]
[White "Maly, Jens Peter"]
[Black "Eberhardt, Michael"]
[Result "0-1"]
[WhiteElo "1666"]
[BlackElo "1774"]
[PlyCount "58"]
[EventDate "2015.03.28"]
[EventType "swiss"]
[EventRounds "9"]
[EventCountry "GER"]
[SourceTitle "EXT 2018"]
[Source "ChessBase"]
[SourceDate "2017.10.13"]
[SourceVersion "1"]
[SourceVersionDate "2017.10.13"]
[SourceQuality "1"]

1. e4 d5 2. exd5 Nf6 3. d4 Bg4 4. Be2 Bxe2 5. Nxe2 Qxd5 6. 0-0 Nc6 7. Nbc3 Qd7 8. Bf4 e6 9. Qd2 Bb4 10. Qe3 0-0 11. a3 Bd6 12. Bxd6 cxd6 13. Rad1 d5 14. f3 Rfe8 15. Nc1 e5 16. dxe5 Rxe5 17. Qf2 Rd8 18. Nd3 Rf5 19. Qd2 d4 20. Ne2 Nd5 21. Ng3 Rf6 22. Rf2 Ne3 23. Ne4 Rf5 24. Ng3 Nxd1 25. Qxd1 Rf6 26. Nc5 Qc7 27. Nce4 Rh6 28. h3 Ne7 29. Rd2 f5 0-1

[Event "Schleswig Holstein-ch Seniors"]
[Site "Hanerau"]
[Date "2015.03.28"]
[Round "1"]
[White "Kluever, Horst"]
[Black "Maly, Jens Peter"]
[Result "1/2-1/2"]
[WhiteElo "1898"]
[BlackElo "1666"]
[PlyCount "62"]
[EventDate "2015.03.28"]
[EventType "swiss"]
[EventRounds "9"]
[EventCountry "GER"]
[SourceTitle "EXT 2018"]
[Source "ChessBase"]
[SourceDate "2017.10.13"]
[SourceVersion "1"]
[SourceVersionDate "2017.10.13"]
[SourceQuality "1"]

1. e4 e5 2. Nf3 Nc6 3. Bc4 Bc5 4. 0-0 Nf6 5. Nc3 0-0 6. d3 h6 7. a3 a6 8. b4 Ba7 9. h3 d6 10. Bb2 Be6 11. Nd5 b5 12. Ba2 Bxd5 13. exd5 Ne7 14. c4 Nd7 15. Qd2 Ng6 16. d4 bxc4 17. Bxc4 e4 18. Nh2 Nf6 19. Bxa6 Bxd4 20. Bb7 Bxb2 21. Qxb2 Rb8 22. Bc6 Ne7 23. Qd4 Nxc6 24. dxc6 Rb5 25. Ng4 Nxg4 26. hxg4 Re8 27. a4 Rg5 28. f3 Qc8 29. Rae1 exf3 30. Rxe8+ Qxe8 31. gxf3 Qxc6 1/2-1/2

[Event "Schleswig Holstein-ch Seniors"]
[Site "Leck"]
[Date "2014.04.14"]
[Round "4"]
[White "Maly, Jens Peter"]
[Black "Priss, Klaus Peter"]
[Result "1-0"]
[WhiteElo "1639"]
[BlackElo "1660"]
[PlyCount "61"]
[EventDate "2014.04.12"]
[EventType "swiss"]
[EventRounds "9"]
[EventCountry "GER"]
[SourceTitle "EXT 2018"]
[Source "ChessBase"]
[SourceDate "2017.10.13"]
[SourceVersion "1"]
[SourceVersionDate "2017.10.13"]
[SourceQuality "1"]

1. e4 e5 2. Nf3 Nc6 3. Bc4 Bc5 4. c3 a6 5. d3 h6 6. Bb3 d6 7. Nbd2 Nf6 8. 0-0 0-0 9. Re1 Bg4 10. h3 Bh5 11. Nf1 Qd7 12. Ng3 Bg6 13. Nh4 Bh7 14. Qf3 Ne7 15. Bxh6 Ng4 16. hxg4 gxh6 17. Ngf5 Nxf5 18. gxf5 Kh8 19. Qh5 Qe8 20. Qxh6 Rg8 21. Qf6+ Rg7 22. g3 Kg8 23. Kg2 Rd8 24. Rh1 c6 25. Qh6 d5 26. f6 Bxe4+ 27. dxe4 Rh7 28. Qg5+ Kh8 29. Nf5 Qg8 30. Rxh7+ Qxh7 31. Rh1 1-0

[Event "Schleswig Holstein-ch Seniors"]
[Site "Leck"]
[Date "2014.04.13"]
[Round "2"]
[White "Maly, Jens Peter"]
[Black "Bittner, Axel"]
[Result "0-1"]
[WhiteElo "1639"]
[BlackElo "1810"]
[PlyCount "76"]
[EventDate "2014.04.12"]
[EventType "swiss"]
[EventRounds "9"]
[EventCountry "GER"]
[SourceTitle "EXT 2018"]
[Source "ChessBase"]
[SourceDate "2017.10.13"]
[SourceVersion "1"]
[SourceVersionDate "2017.10.13"]
[SourceQuality "1"]

1. e4 c5 2. Nf3 d6 3. d4 cxd4 4. Nxd4 Nf6 5. Nc3 a6 6. Bg5 e5 7. Nb3 Be7 8. Bxf6 Bxf6 9. a4 Be6 10. Nd5 Bxd5 11. Qxd5 Qc7 12. Bc4 0-0 13. 0-0 Nd7 14. a5 b5 15. Bd3 Be7 16. Nd2 Rac8 17. Rfc1 Bg5 18. Be2 Nf6 19. Qd3 Bxd2 20. Qxd2 Nxe4 21. Qe3 f5 22. c4 b4 23. c5 Nxc5 24. Bxa6 Ra8 25. Bc4+ Kh8 26. a6 f4 27. Qe1 Qb6 28. Qf1 e4 29. Bd5 Ra7 30. Qc4 e3 31. fxe3 fxe3 32. Qe2 Re8 33. Bc4 Ne4 34. Bd3 Nf6 35. Rf1 Qd4 36. Rac1 d5 37. Rc6 Ng4 38. h3 Ne5 0-1

[Event "Schleswig Holstein-ch Seniors"]
[Site "Leck"]
[Date "2014.04.12"]
[Round "1"]
[White "Geibel, Henning"]
[Black "Maly, Jens Peter"]
[Result "0-1"]
[WhiteElo "1478"]
[BlackElo "1639"]
[PlyCount "68"]
[EventDate "2014.04.12"]
[EventType "swiss"]
[EventRounds "9"]
[EventCountry "GER"]
[SourceTitle "EXT 2018"]
[Source "ChessBase"]
[SourceDate "2017.10.13"]
[SourceVersion "1"]
[SourceVersionDate "2017.10.13"]
[SourceQuality "1"]

1. e4 e5 2. Nf3 Nc6 3. Bc4 Bc5 4. 0-0 Nf6 5. d3 d6 6. Bg5 h6 7. Bh4 g5 8. Bg3 Qe7 9. a3 Be6 10. Bb5 Bd7 11. b4 Bb6 12. Nc3 Nd4 13. Bxd7+ Qxd7 14. Nxd4 Bxd4 15. Qd2 Qc6 16. Nd5 Nxd5 17. exd5 Qxd5 18. c3 Bb6 19. a4 a5 20. c4 Qd4 21. b5 0-0 22. Rae1 f5 23. h3 Rae8 24. Kh1 e4 25. Qa2 Bc5 26. f4 Qxd3 27. Bh2 Kh7 28. fxg5 hxg5 29. Bg1 Bxg1 30. Rxg1 Kg6 31. Rd1 Qg3 32. Qd2 Rh8 33. Qxa5 Rxh3+ 34. gxh3 Qxh3# 0-1

[Event "Schleswig Holstein-ch Seniors"]
[Site "Leck"]
[Date "2014.??.??"]
[Round "6"]
[White "Knott, Richard"]
[Black "Maly, Jens Peter"]
[Result "1/2-1/2"]
[WhiteElo "1791"]
[BlackElo "1639"]
[PlyCount "49"]
[EventDate "2014.04.12"]
[EventType "swiss"]
[EventRounds "9"]
[EventCountry "GER"]
[SourceTitle "EXT 2018"]
[Source "ChessBase"]
[SourceDate "2017.10.13"]
[SourceVersion "1"]
[SourceVersionDate "2017.10.13"]
[SourceQuality "1"]

1. d4 Nf6 2. Nf3 e6 3. e3 d5 4. Bd3 c6 5. Nbd2 Be7 6. 0-0 0-0 7. Ne5 Nfd7 8. f4 f6 9. Qh5 f5 10. Kh1 Nf6 11. Qe2 Nbd7 12. Ndf3 Ne4 13. Nxd7 Bxd7 14. Ne5 Rf6 15. g4 Rh6 16. Bxe4 dxe4 17. g5 Rg6 18. Nxg6 hxg6 19. Bd2 Qb6 20. Bc3 c5 21. Rad1 Bb5 22. Qf2 Bxf1 23. Qxf1 Qc6 24. Qe2 a6 25. b3 1/2-1/2